000
00326nam a22001337a 4500
008
180201b xxu||||| |||| 00| 0 eng d
020
_a
089158093X
041
_a
eng
080
_a
301
100
_a
19
101
_a
SHP
245
_a
Mexico's Economy: A Policy Analysis with Forecasts to 1990
_c
Looney, R.F
942
_2
udc
_c
BK
999
_c
41493
_d
41493